000 00809nam a22002417a 4500
001 73649
003 UA-OsUOA
005 20200424184954.0
007 ta
008 20110314b un ||||| |||| 00| 0 ukr d
020 _a978-966-654-242-0
040 _aUA-OsUOA
_bukr
_cUA-OsUOA
_dUA-OsUOA
041 _aukr
080 _a330.4(075.8)
090 _a330.4(075.8)
_bЕ45
245 _aЕкономіко-математичне моделювання
_bнавчальний посібник.
_cза ред. О. Т. Іващука
260 _aТернопіль
_bТНЕУ "Економічна думка"
_c2008
300 _a704 с.
650 7 _a330 Економіка взагалі
_2UDC
942 _cBK
_2udc
955 _a2
999 _c359942
_d359942